| 000 | 00698nam a2200217Ia 4500 | ||
|---|---|---|---|
| 003 | GCL | ||
| 008 | 140319s9999 xx 000 0 ara d | ||
| 040 |
_aGCL / _cGCL |
||
| 082 | 0 | 4 |
_a320.9 _bف ت |
| 100 | 1 | _aفوزى صلوخ | |
| 245 | 1 | 0 |
_aتحولات دولية فى ظل العولمة / _cفوزى صلوخ |
| 250 | _aالاولى | ||
| 260 |
_aبيروت : _bدار المنهل ، _c2001 |
||
| 300 |
_a326 ص ؛ _c24 سم |
||
| 650 | 0 | 4 | _aالسياسة |
| 650 | 0 | 4 | _aالجامعة العربية |
| 650 | 0 | 4 | _aالدول النامية -الاحوال السياسية |
| 650 | 0 | 4 | _aالعولمة |
| 650 | 0 | 4 | _aافريقيا - الاحوال السياسية |
| 942 |
_2ddc _cBK |
||
| 999 |
_c5633 _d5633 |
||